|
|
|
|
| LEADER |
00000nam0a2200000 4500 |
| 001 |
303344 |
| 005 |
20231102001607.0 |
| 035 |
|
|
|a (RuTPU)RU\TPU\book\328566
|
| 090 |
|
|
|a 303344
|
| 100 |
|
|
|a 20150902d1965 km y0rusy50 ca
|
| 101 |
1 |
|
|a rus
|
| 102 |
|
|
|a RU
|
| 105 |
|
|
|a a z 101zy
|
| 200 |
1 |
|
|a Воздушные линии электропередачи
|e переводы докладов на XX сессии СИГРЭ 1964 г.
|f под ред. В. В. Бургсдорфа
|
| 210 |
|
|
|a Москва
|a Ленинград
|c Энергия
|d 1965
|
| 215 |
|
|
|a 231 с.
|c ил.
|
| 225 |
1 |
|
|a Энергетика за рубежом
|
| 320 |
|
|
|a Библиография в конце докладов.
|
| 606 |
1 |
|
|a Электрические линии передачи, воздушные
|2 stltpush
|3 (RuTPU)RU\TPU\subj\27009
|9 50822
|
| 610 |
1 |
|
|a полевые исследования
|
| 610 |
1 |
|
|a повреждения
|
| 610 |
1 |
|
|a ветровые нагрузки
|
| 610 |
1 |
|
|a электропередача
|
| 610 |
1 |
|
|a опоры
|
| 610 |
1 |
|
|a сопротивления
|
| 675 |
|
|
|a 621.315.1(063)
|v 3
|
| 702 |
|
1 |
|a Бургсдорф
|b В. В.
|4 340
|
| 712 |
1 |
2 |
|a Воздушные линии электропередачи
|c сессия СИГРЭ
|d 20
|f 1965
|4 570
|
| 801 |
|
1 |
|a RU
|b 63413507
|c 20150902
|
| 801 |
|
2 |
|a RU
|b 63413507
|c 20220517
|g RCR
|
| 942 |
|
|
|c BK
|